Mémoire et imagination dans la Jeunesse du Commandeur de l’abbé Prévost

Tento príspevok, venovaný problematike pamäti a románu v 18. storočí, sa zameriava na spochybnenie memoárov ako privilegovanej formy beletrie v priebehu prvej polovice 18. storočia. Pretože pamäť a predstavivosť sú v myšlienkach 17. a 18. storočia pevne spojené, otázka ich vzťahu je obzvlášť aktuáln...

Descrizione completa

Salvato in:
Dettagli Bibliografici
Autore principale: Tureková, Andrea, 1979-
Natura: Capitolo di libro
Lingua:francese
Soggetti:
Tags: Aggiungi Tag
Nessun Tag, puoi essere il primo ad aggiungerne!!

MARC

LEADER 00000naa a2200000 4500
001 0270496
005 20240502083813.9
041 0 |a fre 
044 |a CZ 
245 1 0 |a Mémoire et imagination dans la Jeunesse du Commandeur de l’abbé Prévost  |c Andrea Tureková 
520 |a Tento príspevok, venovaný problematike pamäti a románu v 18. storočí, sa zameriava na spochybnenie memoárov ako privilegovanej formy beletrie v priebehu prvej polovice 18. storočia. Pretože pamäť a predstavivosť sú v myšlienkach 17. a 18. storočia pevne spojené, otázka ich vzťahu je obzvlášť aktuálna v románoch Antoina Prévosta. 
610 2 0 |a literatúra 
610 2 0 |a história 
610 2 0 |a kultúra 
610 2 0 |a francúzština 
100 1 |a Tureková, Andrea, 1979-